[Event "Novokuznetsk SFO-ch U15"]
[Site "Novokuznetsk"]
[Date "2014.11.05"]
[Round "4"]
[White "Kuular, Khaya"]
[Black "Malyshkin, Alexey"]
[Result "0-1"]
[WhiteElo "700"]
[BlackElo "1705"]
[PlyCount "90"]
[EventDate "2014.11.02"]
[EventType "swiss"]
[EventRounds "9"]
[EventCountry "RUS"]
[SourceTitle "CBM 163 Extra"]
[Source "ChessBase"]
[SourceDate "2014.12.23"]
[SourceVersion "1"]
[SourceVersionDate "2014.12.23"]
[SourceQuality "1"]

1. e4 e5 2. Nc3 Nf6 3. d3 Nc6 4. Bg5 Bb4 5. Qd2 d6 6. a3 Ba5 7. Nf3 Bg4 8. Be2 h6 9. Bh4 g5 10. Bg3 Qd7 11. h3 Be6 12. 0-0 Nd4 13. b4 Bb6 14. a4 Nxf3+ 15. Bxf3 Bd4 16. b5 a6 17. bxa6 Rxa6 18. Rab1 Qc6 19. Ne2 Bb6 20. Ra1 Rxa4 21. Rxa4 Qxa4 22. c3 Qc6 23. Ra1 0-0 24. Rc1 Ra8 25. h4 Ra2 26. Rc2 Rxc2 27. Qxc2 g4 28. Qd2 Kg7 29. d4 Qa4 30. dxe5 dxe5 31. Bxe5 gxf3 32. Bxf6+ Kxf6 33. Qxh6+ Ke7 34. gxf3 Qd1+ 35. Kg2 Qxe2 36. Qg5+ Kd7 37. h5 Qxf2+ 38. Kh1 Qxf3+ 39. Qg2 Qxh5+ 40. Qh2 Qxh2+ 41. Kxh2 Ba5 42. Kg3 Bxc3 43. Kf4 b5 44. e5 b4 45. Ke4 Bc4 0-1

[Event "Novokuznetsk SFO-ch U15"]
[Site "Novokuznetsk"]
[Date "2014.11.03"]
[Round "2"]
[White "Malyshkin, Alexey"]
[Black "Petukhov, Georgiy"]
[Result "1-0"]
[WhiteElo "1705"]
[BlackElo "800"]
[PlyCount "89"]
[EventDate "2014.11.02"]
[EventType "swiss"]
[EventRounds "9"]
[EventCountry "RUS"]
[SourceTitle "CBM 163 Extra"]
[Source "ChessBase"]
[SourceDate "2014.12.23"]
[SourceVersion "1"]
[SourceVersionDate "2014.12.23"]
[SourceQuality "1"]

1. e4 e6 2. d4 d5 3. exd5 exd5 4. Nf3 Bd6 5. Nc3 c6 6. h3 Nf6 7. Bd3 0-0 8. 0-0 Be6 9. Bg5 Nbd7 10. Re1 h6 11. Bh4 Qc7 12. Ne2 Nh5 13. Nc3 Nf4 14. Bf1 Ng6 15. Bd3 Nxh4 16. Nxh4 Qb6 17. Rb1 Qc7 18. Nf5 Nf6 19. Nxd6 Qxd6 20. a3 Rfe8 21. Qf3 b5 22. b4 Bd7 23. g3 Re7 24. Rxe7 Qxe7 25. Bf5 Re8 26. Kf1 Bxf5 27. Qxf5 Nd7 28. Qg4 Nb6 29. Ra1 Nc4 30. Ne2 Nd2+ 31. Ke1 Ne4 32. Kf1 Nd2+ 33. Ke1 f5 34. Qh5 Ne4 35. Kf1 Nd6 36. Nf4 Nc4 37. Qxf5 Qe4 38. Qxe4 Rxe4 39. c3 Nd2+ 40. Kg2 g5 41. Nd3 Re2 42. Ra2 Kf7 43. Ne5+ Ke6 44. Nf3 g4 45. hxg4 1-0